| 000 | 00648nam a22001457a 4500 | ||
|---|---|---|---|
| 020 | _a978-1-4054-8728-1 | ||
| 082 |
_a823 _bPEY/S |
||
| 100 | _aPEYMANI, CHRISTINE | ||
| 245 | _aBRATZ SPRING BREAK SAFARI | ||
| 260 |
_aUNITED KINGDOM _bPARRAGON _c2007 |
||
| 300 | _a123 | ||
| 520 | _aBlurb. The Bratz are spending their Spring Break on an eco-tour of the rainforest with their biology class - and they're super stoked... until things start going wrong. First, their tents are knocked down, then their food disappears and so do all their notes for the jungle edition of Bratz magazine! | ||
| 650 |
_aCHILDREN'S STORY BOOK _zUNITED KINGDOM |
||
| 942 | _cBK | ||
| 999 |
_c7616 _d7616 |
||